000 01061nam a2200289 4500
003 EG-GICUC
005 20260407230546.0
008 260226b1976 ua|||||f |||| 00| 0 ara d
040 _a EG-GICUC
_bara
_c EG-GICUC
_d EG-GICUC
_erda
043 _af-ua---
082 0 4 _221
_a343.91
092 0 4 _221
099 _aLaw1 10 343.91 ي و . ج 1976
100 0 _aيوسف عبدالهادي الشال
245 _aجرائم أمن الدولة وعقوبتها في الفقه الإسلامي :
_bدراسة مقارن /
_cيوسف عبدالهادي الشال.
264 _aالقاهرة:
_bالمختار الاسلامي;
_c1976.
300 _a339;صفحة
_c24 سم
336 _2rda content
_atext
337 _2rda media
_aComputer
338 _2rda carrier
_aOnline Resource
650 1 4 _aالجرائم الماسة بأمن الدولة
_2qrmak
650 1 4 _aالنظام الجنائي الاسلامي
651 1 _2qrmak
856 4 0 _uhttps://fll.law.cu.edu.eg/fulltext/bks/B10-08372.pdf
905 _a17
_eYara
942 _2ddc
_n0
_cBK
_e21
999 _c64246
_d64246